| 000 | 00625nam a2200253Ia 4500 | ||
|---|---|---|---|
| 003 | OSt | ||
| 005 | 20221007102525.0 | ||
| 006 | a|||||r|||| 00| 0 | ||
| 007 | ta | ||
| 008 | 221006b |||||||| |||| 00| 0 eng d | ||
| 020 | _a8171770991 | ||
| 024 | _a10,591 | ||
| 037 | _cTextual | ||
| 040 |
_aLCO _cLCO _beng |
||
| 041 |
_2eng _aeng |
||
| 082 | _aZ2,192, N9 | ||
| 100 | _aKader S.A. | ||
| 245 | 0 | _aLaw Of Wakfs | |
| 260 |
_aCalcutta _bEastern Law House India _c1999 |
||
| 300 | _a486 | ||
| 650 |
_aLAW OF WAKFS _9704606 |
||
| 942 |
_hZ2,192, N9 _cTEXL |
||
| 999 |
_c1180154 _d1180154 |
||